000
00325nam a2200145Ia 4500
999
_c
5993
_d
5993
003
OSt
008
191201s2014 xx 000 0 und d
100
_a
Tanenbaum, Andrew
245
0
_a
Computer Networks
250
_a
imp
260
_a
N.Delhi
_b
pearson
_c
2014
300
_a
804
650
_a
B.Tech(CSE)
942
_2
ddc
_c
BK
_0
52